Handbook of numerical calculations in engineering : (Record no. 175454)
[ view plain ]
| 000 -LEADER | |
|---|---|
| fixed length control field | 01202 a2200205 4500 |
| 003 - CONTROL NUMBER IDENTIFIER | |
| control field | Nust |
| 005 - DATE AND TIME OF LATEST TRANSACTION | |
| control field | 20220802101117.0 |
| 010 ## - LIBRARY OF CONGRESS CONTROL NUMBER | |
| LC control number | 88025944 |
| 020 ## - INTERNATIONAL STANDARD BOOK NUMBER | |
| International Standard Book Number | 0070654468 : |
| 040 ## - CATALOGING SOURCE | |
| Transcribing agency | Nust |
| 082 00 - DEWEY DECIMAL CLASSIFICATION NUMBER | |
| Classification number | 620.0042,TUM |
| 100 1# - MAIN ENTRY--PERSONAL NAME | |
| Personal name | Tuma, Jan J. |
| 9 (RLIN) | 3085 |
| 245 10 - TITLE STATEMENT | |
| Title | Handbook of numerical calculations in engineering : |
| Remainder of title | definitions, theorems, computer models, numerical examples, tables of formulas, tables of functions / |
| Statement of responsibility, etc. | Jan J. Tuma. |
| 260 ## - PUBLICATION, DISTRIBUTION, ETC. | |
| Place of publication, distribution, etc. | New York : |
| Name of publisher, distributor, etc. | McGraw-Hill, |
| Date of publication, distribution, etc. | c1989. |
| 300 ## - PHYSICAL DESCRIPTION | |
| Extent | x, 406 p. : |
| Other physical details | ill. ; |
| Dimensions | 26 cm. |
| 505 ## - FORMATTED CONTENTS NOTE | |
| Formatted contents note | Numerical Calculations (Page-1), Numerical Constants (Page-9), Numerical Differences (Page-45), Numerical Integrals (Page-67), Series and Products of Constants (Page-85), Algebra and Transcendental Equations (Page-119), Matrix Equations (Page-143), Eigenvalue Equations (Page-157), Series of Functions (Page-169), Special Functions (Page-195), Orthogonal Polynomials (Page-215), Least-Squares Approximations (Page-249), Laplace transforms (Page-267), Ordinary Differential Equations (Page-283). |
| 650 #0 - SUBJECT ADDED ENTRY--TOPICAL TERM | |
| Topical term or geographic name entry element | Engineering mathematics |
| General subdivision | Handbooks, manuals, etc. |
| 9 (RLIN) | 3086 |
| 650 #0 - SUBJECT ADDED ENTRY--TOPICAL TERM | |
| Topical term or geographic name entry element | Numerical calculations |
| General subdivision | Handbooks, manuals, etc. |
| 9 (RLIN) | 3087 |
| 942 ## - ADDED ENTRY ELEMENTS (KOHA) | |
| Koha item type | Reference |
| Source of classification or shelving scheme | |
| Withdrawn status | Lost status | Source of classification or shelving scheme | Damaged status | Not for loan | Permanent Location | Current Location | Shelving location | Date acquired | Full call number | Barcode | Date last seen | Price effective from | Koha item type | Public note |
|---|---|---|---|---|---|---|---|---|---|---|---|---|---|---|
| Military College of Signals (MCS) | Military College of Signals (MCS) | Reference | 12/12/2016 | 620.0042,TUM | MCS27140 | 12/08/2016 | 12/12/2016 | Reference | Almirah No.20, Shelf No.1 |
